000 00441nam a2200157 i 4500
001 90765
003 ES-MaACL
005 20230906180544.0
007 t|
008 050124s1949 sp ||||1| spa d
100 1 _aLeclercq, Jacques.
_971094
245 1 0 _aCristo, su Iglesia y los cristianos /
_cJacques Leclercq.
260 _aBilbao :
_bDesclée de Brouwer,
_c[1949]
300 _a248 p. ;
_c19 cm.
852 _aES-MaACL
_jD-6195
_bR.31538
999 _c90765
_d90765